| 000 | 01396nam0a22002771 4500 | ||
|---|---|---|---|
| 001 | rc\4329671 | ||
| 005 | 20260407171134.0 | ||
| 021 |
_aRU _bП304-65 |
||
| 035 | _a(NLR Aleph) 008269964 | ||
| 090 |
_a8450097 _c8450097 |
||
| 100 | _a20130416d1965 |||y0rusy50 ca | ||
| 101 | 0 | _arus | |
| 102 | _aRU | ||
| 105 | _aa z ||||| | ||
| 200 | 1 |
_aВопросы биологии и физиологии растений в условиях высокогорий _e[Сборник статей] _fАкад. наук СССР. Всесоюз. ботан. о-во. Груз. ботан. о-во |
|
| 210 |
_aМосква _aЛенинград _cНаука. Ленингр. отд-ние _d1965 |
||
| 215 |
_a219 с. _cил. _d26 |
||
| 225 | 1 |
_aПроблемы ботаники _f[2-е Совещание по изучению и освоению флоры и растительности высокогорий. Тбилиси, с 27 июня по 2 июля 1961] _v7 |
|
| 320 | _aБиблиогр. в конце статей | ||
| 702 | 1 |
_aЗеленский _bО.В. _4340 |
|
| 712 | 1 | 2 |
_aСовещание по вопросам изучения и освоения флоры и растительности высокогорий _d2 _f1961 _eТбилиси _3RU\NLR\AUTH\8810107324 _9714845 |
| 801 | 0 |
_aRU _bNLR _gpsbo |
|
| 801 | 1 |
_aRU _bELAR _2rusmarc |
|
| 852 |
_aNLR _jП8/591 |
||
| 942 | _cBOOK | ||
| 980 | _aNB | ||